[Event "Olympiad Women-44"]
[Site "Chennai"]
[Date "2022.08.08"]
[Round "10.1"]
[White "Hoang, Thanh Trang"]
[Black "Brunello, Marina"]
[Result "1-0"]
[WhiteElo "2376"]
[BlackElo "2341"]
[PlyCount "103"]
[EventDate "2022.07.29"]
[EventType "team-swiss"]
[EventRounds "11"]
[EventCountry "IND"]
[SourceTitle "CBM 210"]
[Source "ChessBase"]
[SourceDate "2022.10.31"]
[SourceVersion "1"]
[SourceVersionDate "2022.10.31"]
[SourceQuality "1"]
[WhiteTeam "Hungary (W)"]
[BlackTeam "Italy (W)"]
[WhiteTeamCountry "HUN"]
[BlackTeamCountry "ITA"]

1. d4 d5 2. c4 c6 3. Nf3 Nf6 4. Qc2 dxc4 5. Qxc4 Bf5 6. g3 e6 7. Bg2 Be7 8. 0-0 0-0 9. e3 Nbd7 10. Rd1 Qc7 11. Nc3 e5 12. h3 Bg6 13. dxe5 Nxe5 14. Nxe5 Qxe5 15. Qb3 Qc7 16. e4 Bc5 17. Bf4 Qb6 18. Qc2 Be7 19. Be3 Qa5 20. f4 h6 21. Qf2 Bb4 22. Bd4 Ne8 23. a3 Be7 24. f5 Bh7 25. e5 Rd8 26. b4 Qc7 27. f6 gxf6 28. exf6 Rxd4 29. Rxd4 Bxf6 30. Rg4+ Bg6 31. Rc1 Qe5 32. Ne4 Bg7 33. Rf4 a5 34. Rd1 axb4 35. axb4 Qc7 36. Nc5 Nd6 37. Rg4 Re8 38. Qf4 Nb5 39. Qxc7 Nxc7 40. Rd7 Nb5 41. Be4 Bxe4 42. Nxe4 Kf8 43. Rxb7 Bd4+ 44. Nf2 Nc3 45. Kg2 c5 46. Rf4 Re7 47. Rxe7 Kxe7 48. Nd3 Nd5 49. Re4+ Kd6 50. bxc5+ Bxc5 51. Nxc5 Kxc5 52. Rh4 1-0

[Event "Olympiad Women-44"]
[Site "Chennai"]
[Date "2022.08.06"]
[Round "8.1"]
[White "Enkhtuul, Altanulzii"]
[Black "Hoang, Thanh Trang"]
[Result "1/2-1/2"]
[WhiteElo "2267"]
[BlackElo "2376"]
[PlyCount "48"]
[EventDate "2022.07.29"]
[EventType "team-swiss"]
[EventRounds "11"]
[EventCountry "IND"]
[SourceTitle "CBM 210"]
[Source "ChessBase"]
[SourceDate "2022.10.31"]
[SourceVersion "1"]
[SourceVersionDate "2022.10.31"]
[SourceQuality "1"]
[WhiteTeam "Mongolia (W)"]
[BlackTeam "Hungary (W)"]
[WhiteTeamCountry "MGL"]
[BlackTeamCountry "HUN"]

1. d4 e6 2. c4 f5 3. a3 Nf6 4. Nc3 g6 5. Nf3 Bg7 6. Bg5 h6 7. Bxf6 Qxf6 8. e4 d6 9. Bd3 0-0 10. 0-0 Nc6 11. d5 Ne5 12. Nxe5 dxe5 13. c5 exd5 14. exd5 e4 15. Bc4 Kh7 16. Rc1 f4 17. Nxe4 Qxb2 18. Rb1 Qxa3 19. d6 Bf5 20. Rb3 Qa5 21. Rb5 Qa3 22. Rb3 Qa5 23. Rb5 Qa3 24. Rb3 Qa5 1/2-1/2

[Event "HUN-ch Rapid"]
[Site "Ajka"]
[Date "2022.07.17"]
[Round "11"]
[White "Margl, Roland"]
[Black "Hoang, Thanh Trang"]
[Result "0-1"]
[WhiteElo "2312"]
[BlackElo "2376"]
[PlyCount "66"]
[EventDate "2022.07.15"]
[EventType "swiss (rapid)"]
[EventRounds "13"]
[EventCountry "HUN"]
[SourceTitle "CBM 209 Extra"]
[Source "ChessBase"]
[SourceDate "2022.09.30"]
[SourceVersion "1"]
[SourceVersionDate "2022.09.30"]
[SourceQuality "1"]

1. Nf3 f5 2. d4 Nf6 3. g3 e6 4. Bg2 d5 5. 0-0 Bd6 6. c4 c6 7. Qc2 0-0 8. Ne5 Nbd7 9. Nd3 Qe7 10. Bf4 Ne4 11. Bxd6 Qxd6 12. cxd5 exd5 13. Rc1 Rf6 14. Nd2 Rh6 15. Nf3 Ndf6 16. b4 Bd7 17. Rab1 Rf8 18. e3 g5 19. Re1 Ng4 20. a4 f4 21. exf4 gxf4 22. h3 fxg3 23. hxg4 gxf2+ 24. Nxf2 Rxf3 25. Rxe4 dxe4 26. Bxf3 exf3 27. Qb3+ Be6 28. Qxf3 Qh2+ 29. Kf1 Bc4+ 30. Ke1 Qg1+ 31. Kd2 Qxb1 32. Qf4 Qxb4+ 33. Kc1 Qd6 0-1

[Event "HUN-chT 2122"]
[Site "Hungary"]
[Date "2022.02.27"]
[Round "7.7"]
[White "Szeberenyi, Adam"]
[Black "Hoang, Thanh Trang"]
[Result "1/2-1/2"]
[WhiteElo "2339"]
[BlackElo "2385"]
[PlyCount "85"]
[EventDate "2021.10.10"]
[EventType "team-tourn"]
[EventRounds "9"]
[EventCountry "HUN"]
[SourceTitle "EXT 2023"]
[Source "ChessBase"]
[SourceDate "2022.10.05"]
[SourceVersion "1"]
[SourceVersionDate "2022.10.05"]
[SourceQuality "1"]
[WhiteTeam "Biatorbagy"]
[BlackTeam "Dunaharaszti"]
[WhiteTeamCountry "HUN"]
[BlackTeamCountry "HUN"]

1. d4 e6 2. Nf3 f5 3. g3 Nf6 4. Bg2 d5 5. 0-0 Bd6 6. c4 c6 7. b3 Qe7 8. a4 a5 9. Ba3 Bxa3 10. Nxa3 0-0 11. Nc2 Nbd7 12. Nce1 dxc4 13. bxc4 e5 14. dxe5 Nxe5 15. Nxe5 Qxe5 16. Nd3 Qe7 17. Qb3 Be6 18. Rfb1 Rab8 19. Qc3 Bf7 20. Qxa5 Bxc4 21. Qc5 Qxc5 22. Nxc5 b6 23. Rb4 Bd5 24. Rab1 Bxg2 25. Kxg2 Nd5 26. R4b3 Ra8 27. Nd7 Rfe8 28. Nxb6 Nxb6 29. Rxb6 Rxe2 30. Rxc6 Rxa4 31. Rb7 Re8 32. h3 Kh8 33. Rcc7 Rg8 34. Rf7 Ra5 35. h4 h5 36. Rb6 Kh7 37. Kf3 Rc8 38. Rbb7 Rg8 39. Kf4 Kg6 40. Rfc7 Ra4+ 41. Kf3 Ra3+ 42. Kg2 Ra6 43. Kh3 1/2-1/2